Detalles MARC
| 000 -LÍDER |
| Campo fijo de descripción fija |
01635cam a2200313 i 4500 |
| 001 - NÚMERO DE CONTROL |
| Campo de control |
913557668 |
| 003 - IDENTIFICADOR DEL NÚMERO DE CONTROL |
| Campo de control |
CO-MdFUSB |
| 005 - FECHA Y HORA DE LA ULTIMA TRANSACCIÓN |
| control field |
20190202100249.0 |
| 008 - ELEMENTOS DE LONGITUD FIJA -- INFORMACIÓN GENERAL |
| Campo fijo de descripción fija -- Información general |
151108t2016 miu g b 001 0 eng |
| 010 ## - NÚMERO DE CONTROL DE LA BIBLIOTECA DEL CONGRESO |
| Número de control LC |
2015043722 |
| 020 ## - NÚMERO INTERNACIONAL NORMALIZADO PARA LIBROS |
| Número Internacional Normalizado del libro |
9780801048944 |
| Información adicional |
(pbk.) |
| 020 ## - NÚMERO INTERNACIONAL NORMALIZADO PARA LIBROS |
| Número Internacional Normalizado del libro |
080104894X |
| Información adicional |
(pbk.) |
| 040 ## - FUENTE DE CATALOGACIÓN |
| Agencia de catalogación original |
DLC |
| Idioma de catalogación |
spa |
| Convenciones de la descripción |
rda |
| Agencia que realiza la transcripción |
CO-MdFUSB |
| Agencia que realiza la modificación |
CO-MdFUSB |
| -- |
BDX |
| -- |
BTCTA |
| -- |
OCLCO |
| -- |
OCLCF |
| -- |
OCLCQ |
| -- |
KAT |
| -- |
UtOrBLW |
| 041 ## - CÓDIGO DE IDIOMA |
| Código de idioma para texto/pista de sonido o título separado |
eng |
| 082 ## - NÚMERO DE CLASIFICACIÓN DECIMAL DEWEY |
| Número de la edición del Dewey |
24 |
| Número de clasificación |
G 230.42 |
| Clave de autor-Numero de item |
C555c |
| 245 10 - TÍTULO |
| Título del Material |
Christian dogmatics |
| Parte restante del título - Subtitulo |
: reformed theology for the church catholic |
| Mención de responsabilidad, etc. |
/ editado por Michael Allen & Scott R. Swain. |
| 264 #1 - PRODUCCIÓN, PUBLICACIÓN, DISTRIBUCIÓN, MANUFACTURA, Y COPYRIGHT |
| Lugar de producción, publicación, distribución, manufactura |
Grand Rapids, MI : |
| Nombre del productor, publicador, distribuidor |
Baker Academic, |
| Fecha de producción, publicación, distribución, manufactura, o copyright |
℗[2016] |
| 264 #4 - PRODUCCIÓN, PUBLICACIÓN, DISTRIBUCIÓN, MANUFACTURA, Y COPYRIGHT |
| Fecha de producción, publicación, distribución, manufactura, o copyright |
©2016 |
| 300 ## - DESCRIPCIÓN FÍSICA |
| Extensión |
408 páginas ; |
| Dimensiones |
23 cm. |
| 336 ## - TIPO DE CONTENIDO |
| Fuente |
rdacontent. |
| Término de tipo de contenido |
texto |
| Código de tipo de contenido |
txt |
| 337 ## - TIPO DE MEDIO |
| Fuente |
rdamedia. |
| Nombre del tipo de medio |
sin mediación |
| Código del tipo de medio |
n |
| 338 ## - TIPO DE SOPORTE |
| Fuente |
rdacarrier. |
| Nombre del tipo de soporte |
volumen |
| Código Tipo de soporte |
nc |
| 501 ## - NOTA DE “CON” |
| Nota de Contenido |
Incluye índice (páginas 395- 408) |
| 505 ## - NOTA DE CONTENIDO |
| Nota de contenido con formato preestablecido |
Conocimiento de Dios / Michael Allen -- Sagrada Escritura / Kevin J. Vanhoozer -- Atributos divinos / Michael Allen -- Trinidad divina / Scott R. Swain -- Alianza de redención / Scott R. Swain -- Creación de la nada / John Webster -- Providence / John Webster -- Antropología / Kelly M. Kapic -- Pecado / Oliver D. Crisp -- Encarnación / Daniel J. Treier -- La obra de Cristo cumplida / Donald Macleod -- La obra de Cristo aplicado / Richard Gaffin -- La Ley de Dios y la ética cristiana / Paul T. Nimmo -- La Iglesia / Michael Horton -- Sacramentos / Todd Billings -- Reino de Dios / Michael Horton |
| 650 #7 - ASIENTO SECUNDARIO DE MATERIA - TERMINO TEMÁTICO |
| Término temático o nombre geográfico como elemento de entrada |
Teología doctrinal |
| Fuente del encabezamiento o término |
|
| 9 (RLIN) |
179 |
| 700 1# - ASIENTO SECUNDARIO - NOMBRE PERSONAL |
| Nombre personal |
Allen, Michael, |
| Fechas asociadas con el nombre |
1981- |
| Responsabilidad |
editor. |
| 942 ## - TIPO DE MATERIAL (KOHA) |
| Tipo de Item KOHA |
Libros General |